Detalles MARC
| 000 -Cabecera |
| Campo de control de longitud fija |
01697ntm a22005657a 4500 |
| 005 - Fecha y hora de la última transacción |
| Campo de control |
20250908145147.0 |
| 008 - Elementos de longitud fija--Información general |
| Campo de control de longitud fija |
160223b2013 xxu||||| |||| 00| | spa d |
| 020 ## - International Standard Book Number |
| Número Internacional Estándar del Libro (ISBN) |
9788415442769 |
| 041 ## - Idioma |
| Código de idioma |
Español |
| 082 ## - Clasificación Decimal Dewey |
| Número de clasificación |
363.254 AN627d |
| 100 ## - Entrada principal--Autor personal |
| Nombre personal |
Anta, Juan Ángel |
| 9 (RLIN) |
4945 |
| 245 ## - Título propiamente dicho |
| Título |
Detección del engaño |
| 260 ## - Pie de imprenta |
| Lugar de publicación, distribución, etc. |
España |
| 260 ## - Pie de imprenta |
| Nombre del editor, distribuidor, etc. |
Tirant Humanidades |
| 260 ## - Pie de imprenta |
| Fecha de publicación, distribución, etc. |
2013 |
| 300 ## - Descripción física |
| Extensión |
164 páginas |
| 490 ## - Serie |
| Título de la Serie |
Investigación Criminal |
| 650 ## - Materia general |
| Temática (materia general) |
INTERROGATORIA DE TESTIGOS |
| 650 ## - Materia general |
| Temática (materia general) |
TIPOS DE COMUNICACIÓN |
| 650 ## - Materia general |
| Temática (materia general) |
COMUNICACIÓN CORPORALES |
| 650 ## - Materia general |
| Temática (materia general) |
COMUNICACIÓN CORPORAL |
| 650 ## - Materia general |
| Temática (materia general) |
RASGOS CORPORALES |
| 650 ## - Materia general |
| Temática (materia general) |
RASGOS FACIALES |
| 650 ## - Materia general |
| Temática (materia general) |
RASGOS DE LAS MANOS |
| 650 ## - Materia general |
| Temática (materia general) |
RASGOS DE LAS PIERNAS |
| 650 ## - Materia general |
| Temática (materia general) |
RASGOS POSTURALES |
| 650 ## - Materia general |
| Temática (materia general) |
COMUNICACIÓN VERVAL |
| 650 ## - Materia general |
| Temática (materia general) |
FALSEDAD DE LAS PALABRAS |
| 650 ## - Materia general |
| Temática (materia general) |
ELEMENTOS ESPECÍFICOS DEL DELITO |
| 650 ## - Materia general |
| Temática (materia general) |
COMUNICACIÓN VERBO-CORPORAL |
| 650 ## - Materia general |
| Temática (materia general) |
COMUNICACIÓN CORPORAL |
| 650 ## - Materia general |
| Temática (materia general) |
COMUNICACIÓN VERBAL |
| 650 ## - Materia general |
| Temática (materia general) |
TEMOR |
| 650 ## - Materia general |
| Temática (materia general) |
RELACIÓN ENTRE LOS RASGOS DE LA COMUNICACIÓN VERBO-CORPORAL Y LAS EMOCIONES |
| 650 ## - Materia general |
| Temática (materia general) |
DETECCIÓN DE ENGAÑO |
| 650 ## - Materia general |
| Temática (materia general) |
COMPORTAMIENTO CORPORAL |
| 650 ## - Materia general |
| Temática (materia general) |
INCONGRUENCIAS |
| 650 ## - Materia general |
| Temática (materia general) |
DESLICES |
| 650 ## - Materia general |
| Temática (materia general) |
SECUENCIA Y SINCRONIZACIÓN |
| 650 ## - Materia general |
| Temática (materia general) |
INDICIOS DE ENGAÑO Y DE VERACIDAD |
| 650 ## - Materia general |
| Temática (materia general) |
CONTEXTO |
| 650 ## - Materia general |
| Temática (materia general) |
PREGUNTAR |
| 650 ## - Materia general |
| Temática (materia general) |
FASES DE LA ENTREVISTA COGNITIVA |
| 650 ## - Materia general |
| Temática (materia general) |
ÁMBITO JUDICIAL |
| 650 ## - Materia general |
| Temática (materia general) |
ÁMBITO DE LA JUSTICIA JUVENIL |
| 650 ## - Materia general |
| Temática (materia general) |
ÁMBITO POLICIAL |
| 650 ## - Materia general |
| Temática (materia general) |
ÁMBITO VICTIMOLÓGICO |
| 650 ## - Materia general |
| Temática (materia general) |
ÁMBITO EMPRESARIAL |
| 942 ## - Punto de acceso adicional KOHA |
| Tipo de ítem KOHA |
Libro |
| Fuente del sistema de clasificación o colocación |
Dewey Decimal Classification |